[Event "Oberliga Bayern9899"]
[Site "Bayern"]
[Date "1999.??.??"]
[Round "?"]
[White "Sandor, Christian"]
[Black "Deglmann, Ludwig"]
[Result "0-1"]
[WhiteElo "2320"]
[BlackElo "2265"]

1.e4 d6 2.d4 Nf6 3.Nc3 e5 4.Nf3 Nbd7 5.Bc4 Be7 6.O-O O-O 7.Re1 c6 8.a4 b6
9.d5 Bb7 10.dxc6 Bxc6 11.Bg5 Rc8 12.Qe2 Nh5 13.Bxe7 Qxe7 14.g3 Ndf6 15.Red1 g6
16.a5 bxa5 17.Rxa5 Qb7 18.Ba6 Qxb2 19.Nd5 Bxd5 20.Bxc8 Bxe4 21.Nd2 Bxc2 22.Nc4 Qb8
23.Qxc2 Rxc8 24.Qa2 d5 25.Ne3 d4 26.Nc4 Re8 27.Rxa7 Nd5 28.Rb1 Qd8 29.Rbb7 Nc3
30.Qa6 Qd5 31.Nd6 d3 32.Ne4 Qxe4 33.f3 Qxf3 34.Rxf7 Ne2+  0-1

[Event "Landesliga Sued 9899"]
[Site "Bayern"]
[Date "1999.??.??"]
[Round "?"]
[White "Reisch, Stefan"]
[Black "Zach, Andreas"]
[Result "0-1"]
[WhiteElo "2140"]
[BlackElo "2260"]

1.e4 d6 2.d4 Nf6 3.Nc3 c6 4.Nf3 Bg4 5.Be2 e6 6.O-O Be7 7.Bg5 Nbd7 8.Qd2 h6
9.Bxf6 Nxf6 10.Rad1 O-O 11.Qf4 Bh5 12.Bd3 Nd7 13.e5 d5 14.g4 Bg6 15.Kg2 c5
16.Ne2 c4 17.Bxg6 fxg6 18.Qd2 Rf7 19.Nfg1 g5 20.f4 gxf4 21.Nxf4 Nf8 22.Nh5 Qe8
23.Nh3 Ng6 24.Rxf7 Qxf7 25.N3f4 Rf8 26.Rf1 Nh4+ 27.Kh3 Bg5 28.Kg3 g6 29.Nf6+ Bxf6
30.Nxd5 Bxe5+ 31.Kxh4 g5+  0-1

[Event "Landesliga Sued 9899"]
[Site "Bayern"]
[Date "1999.??.??"]
[Round "?"]
[White "Epding, Olaf"]
[Black "Zach, Andreas"]
[Result "1/2-1/2"]
[WhiteElo "2195"]
[BlackElo "2260"]

1.e4 d6 2.d4 Nf6 3.Nc3 c6 4.Bg5 Qa5 5.Qd2 e5 6.d5 Nbd7 7.dxc6 bxc6 8.Bd3 Rb8
9.Nd1 Qxd2+ 10.Kxd2 d5 11.f3 Nc5 12.exd5 Nxd3 13.cxd3 cxd5 14.Ne2 Bb4+ 15.Ke3 Ba6
16.Ng3 Kd7 17.Nf5 Rhc8 18.a3 Bc5+ 19.Kd2 Rb3 20.Nxg7 Rxd3+ 21.Ke1 Be7 22.Nf5 Rc2
23.Nxe7 Rxg2 24.Bxf6 Rxf3 25.Nc3 Rxf6 26.Nexd5 Rff2 27.b4 Bd3 28.Ne3 Re2+
29.Nxe2 Rxe2+ 30.Kd1 Rxe3 31.Kd2 Rh3 32.Rae1 e4 33.Re3 Rh6 34.a4 Rd6 35.Kc3 f5
36.Rh3 h6 37.Rd1 Rc6+ 38.Kd4 f4 39.Ke5 f3 40.Rxf3 exf3 41.Rxd3+ Ke7 42.Rxf3 Rc2
43.Rh3 Rc4 44.Rb3 Rh4 45.Rb2 Kd7 46.Kd5 Kc7 47.Kc5 Rh5+ 48.Kc4 Rh4+ 49.Kb5 Kb7
50.Ka5 Rh5+ 51.b5 Rh4 52.Rf2 Kb8 53.Rf8+ Kb7 54.Rf7+ Kb8 55.Rh7 Ka8  1/2-1/2

[Event "Oberliga Bayern9899"]
[Site "Bayern"]
[Date "1999.??.??"]
[Round "?"]
[White "Fischer, Oliver"]
[Black "Deglmann, Ludwig"]
[Result "1/2-1/2"]
[WhiteElo "2065"]
[BlackElo "2255"]

1.d4 d6 2.e4 Nf6 3.Nc3 e5 4.dxe5 dxe5 5.Qxd8+ Kxd8 6.Bg5 Nd7 7.O-O-O Bd6
8.f3 h6 9.Be3 a6 10.Bc4 Ke7 11.Nge2 b5 12.Bd5 Nxd5 13.Nxd5+ Ke8 14.h4 Bb7
15.g4 h5 16.g5 g6 17.Rhf1 Bxd5 18.Rxd5 Ke7 19.f4 exf4 20.Bxf4 Bxf4+ 21.Rxf4 c6
22.Rd1 Ne5 23.Nd4 Rhd8 24.Nf3 Ng4 25.Rd3 c5 26.b3 Rxd3 27.cxd3 Rd8 28.Kc2 Rd7
29.Kc3 Ke6 30.Kd2 Rd8 31.Kc3 Rd7 32.Kd2 Rd8 33.Kc3 Rd7  1/2-1/2

[Event "Regionalliga NO9899"]
[Site "Bayern"]
[Date "1999.??.??"]
[Round "?"]
[White "Burggraf, Michael"]
[Black "Goetz, Dieter"]
[Result "1-0"]
[WhiteElo "2055"]
[BlackElo "1990"]

1.e4 d6 2.d4 Nf6 3.Nc3 c6 4.a4 Nbd7 5.f4 Qa5 6.e5 Ne4 7.Qd3 d5 8.Ne2 e6 9.Ng3 Nxc3
10.bxc3 b5 11.Bd2 Nb6 12.c4 bxc4 13.Bxa5 cxd3 14.Bxd3 c5 15.c3 Bd7 16.Bxb6 axb6
17.Rb1 cxd4 18.cxd4 Rxa4 19.Rxb6 Bb4+ 20.Kf2 O-O 21.Ne2 Ba5 22.Rb7 Bc6 23.Rb3 g6
24.Rc1 Bd7 25.Rb7 Ra3 26.Bxg6 hxg6 27.Rxd7 Bd2 28.Rc6 Be3+ 29.Kf3 Bg1+ 30.Kg4 Bxh2
31.Rc2 Re3 32.g3 Kg7 33.Kh3 Rh8+ 34.Kg2 g5 35.fxg5 Rh5 36.g6 Bxg3 37.Nxg3 Rg5
38.Rxf7+ Kxg6 39.Rf6+  1-0

[Event "Landesliga Sued 9899"]
[Site "Bayern"]
[Date "1999.??.??"]
[Round "?"]
[White "Schmaus, Horst"]
[Black "Zach, Andreas"]
[Result "1-0"]
[WhiteElo "2055"]
[BlackElo "2260"]

1.e4 d6 2.d4 Nf6 3.Nc3 c6 4.f4 g6 5.Be2 d5 6.e5 Ne4 7.Nxe4 dxe4 8.c3 f5 9.Be3 e6
10.Nh3 Nd7 11.Qb3 Nb6 12.c4 Be7 13.O-O-O h5 14.Nf2 Bd7 15.h3 Qc7 16.Kb1 c5
17.d5 Ba4 18.Qa3 Bxd1 19.d6 Qc6 20.Rxd1 Bd8 21.Bxc5 Nd7 22.Bb4 Rc8 23.Qg3 Kf7
24.h4 b5 25.Nh3 bxc4 26.Ng5+ Bxg5 27.Qxg5 Rhe8 28.g4 fxg4 29.Bxg4 e3 30.Be2 Qe4+
31.Ka1 Qc2 32.Rg1 c3 33.bxc3 Qf5 34.Qg3 a5 35.Bb5 axb4 36.Bxd7 bxc3 37.Qxe3 Qc2
38.Qc1 Qb2+ 39.Qxb2 cxb2+ 40.Kb1 Rc1+ 41.Rxc1 bxc1=Q+ 42.Kxc1 Rb8 43.a4 Rb4
44.Kc2 Rxf4 45.Kb3 Re4 46.Bc6 Rxe5 47.Kb4 Rf5 48.a5 Rf4+ 49.Kc5 Rf2 50.Kb6 e5
51.Kc7  1-0

[Event "Regionalliga SW9899"]
[Site "Bayern"]
[Date "1999.??.??"]
[Round "?"]
[White "Petursson, Palmi"]
[Black "Wittal, Werner"]
[Result "1-0"]
[WhiteElo "2185"]
[BlackElo "1975"]

1.e4 d6 2.d4 Nf6 3.Nc3 c6 4.f3 Nbd7 5.Be3 e5 6.Qd2 Be7 7.O-O-O O-O 8.g4 Qa5
9.Kb1 Rd8 10.h4 b5 11.h5 Nf8 12.Nd5  1-0

[Event "Regionalliga SW9899"]
[Site "Bayern"]
[Date "1999.??.??"]
[Round "?"]
[White "Schweier, Lorenz"]
[Black "Wittal, Werner"]
[Result "1/2-1/2"]
[WhiteElo "1980"]
[BlackElo "1995"]

1.e4 d6 2.d4 Nf6 3.Nc3 c6 4.Bc4 b5 5.Bd3 e5 6.Nf3 Bg4 7.Be3 Qc7 8.O-O Be7
9.b4 a5 10.a3 O-O 11.d5 axb4 12.axb4 Rxa1 13.Qxa1 cxd5 14.exd5 Rc8 15.Nxb5 Qb7
16.Qa7 Qxa7 17.Nxa7 Rc7 18.b5 Nxd5 19.Ra1 Nxe3 20.fxe3 Bxf3 21.gxf3 d5 22.b6 Rc3
23.Ra5 Bc5 24.Kf2 Bxb6 25.Rxd5 g6 26.Nb5 Rc5 27.Rd6 Ba5 28.c4 Nc6 29.Ke2 Kf8
30.Rd7 Nb4 31.Rb7 Na2 32.Nd6 Nc3+ 33.Kf1 Rc7 34.Rxc7 Bxc7 35.Nb5 Nxb5 36.cxb5 Ke7
37.Ke2 Kd6 38.Kd2 Kc5 39.h3 Bb6 40.Ke2 Kb4  1/2-1/2

[Event "BRA-ch U20"]
[Site "Brasilia"]
[Date "1999.??.??"]
[Round "4"]
[White "Benares de sa Leitao, Ricardo"]
[Black "Watfe, Rodrigo"]
[Result "1-0"]
[WhiteElo "2265"]
[BlackElo "2130"]

1.e4 Nf6 2.Nc3 d6 3.d4 c6 4.f4 Qa5 5.Bd3 e5 6.Nf3 Bg4 7.Be3 Nbd7 8.O-O g6
9.Bc4 Bg7 10.h3 Bxf3 11.Qxf3 exd4 12.Bxd4 O-O 13.a3 Rae8 14.Rfe1 b5 15.Bf1 b4
16.axb4 Qxb4 17.Ra4 Qb8 18.Bxa7 Qb7 19.Bf2 Nb6 20.Ra6 Nfd7 21.Rd1 Nc8 22.Na4 Nb8
23.Ra5 c5 24.Rb5 Qa8 25.Nc3 Nc6 26.e5 N8a7 27.exd6 Nxb5 28.Nxb5 Nd4 29.Nxd4 cxd4
30.Qxa8 Rxa8 31.Bxd4 Rab8 32.c4 Rxb2 33.Bxb2 Bxb2 34.c5 Bf6 35.c6 Rc8 36.d7 Rxc6
37.d8=Q+ Bxd8 38.Rxd8+ Kg7 39.Rd4 Rc7 40.Rc4 Re7 41.Kf2 h5 42.Kf3 Kh6 43.Rc5 Ra7
44.Rd5 Kg7 45.Rd6 Kh7 46.Ke4 Kg7 47.Be2 Rb7 48.Bf3 Ra7 49.h4 Rc7 50.g3 Ra7
51.f5 Ra4+ 52.Ke5 Ra3 53.f6+ Kh6 54.Kf4 Ra7 55.Rb6 Rc7 56.Rb7 Rxb7 57.Bxb7 Kh7
58.Ke5 Kg8 59.Kd6 Kf8 60.Kd7 Kg8 61.Ke8 Kh7 62.Kxf7 g5 63.hxg5 h4 64.Be4+ Kh8
65.g6  1-0

[Event "Bratto op 19th"]
[Site "Bratto"]
[Date "1999.??.??"]
[Round "8"]
[White "Temi, Walter"]
[Black "Griffa, Roberto"]
[Result "1/2-1/2"]
[WhiteElo "2096"]
[BlackElo "2083"]

1.e4 d6 2.d4 Nf6 3.Nc3 c6 4.Nf3 Bg4 5.Be2 e6 6.O-O d5 7.exd5 cxd5 8.Ne5 Bxe2
9.Qxe2 Nc6 10.Nxc6 bxc6 11.Bf4 Bd6 12.Be5 O-O 13.Na4 Bxe5 14.Qxe5 Rb8 15.b3 Nd7
16.Qd6 Qc8 17.Nc5 Rd8 18.a4 a5 19.Rfe1 Rb4 20.Rad1 Nxc5 21.Qxc5 Qc7 22.Re3 Qb6
23.Qxb6 Rxb6 24.Rc3 Kf8 25.Rc5 Ra8 26.f4 Ke7 27.Kf2 Kd6 28.Rd3 f6 29.Rdc3 Rba6
30.Re3 Re8 31.Rcc3 Ra7 32.g4 Rc7 33.Rc5 Ra8 34.h4 Rb7 35.Kf3 Rb4 36.Rec3 Ra6
37.Ke3 e5 38.dxe5+ fxe5 39.fxe5+ Kxe5 40.Rxc6 Rxc6 41.Rxc6 Rxg4 42.Rc7 h5
43.Ra7 g6 44.Ra6 Rg3+  1/2-1/2

[Event "Budapest FS07 Elo"]
[Site "Budapest"]
[Date "1999.??.??"]
[Round "3"]
[White "Kovacs, Gyorgy"]
[Black "Szirmai, Eduard"]
[Result "1-0"]
[WhiteElo "2120"]
[BlackElo "2210"]

1.e4 d6 2.d4 Nf6 3.Nc3 c6 4.g3 Nbd7 5.Bg2 e5 6.Nge2 Be7 7.O-O O-O 8.f4 Qc7
9.h3 b5 10.a3 a5 11.Kh2 Bb7 12.g4 b4 13.Nb1 exd4 14.Nxd4 c5 15.Nf5 Rfe8 16.Nd2 Bf8
17.Re1 g6 18.Ng3 Nb6 19.g5 Nfd7 20.h4 f6 21.Qg4 fxg5 22.hxg5 Bg7 23.Qh4 Nf8
24.Rf1 Ba6 25.Rf3 Nbd7 26.f5 Be5 27.f6 Bxg3+ 28.Qxg3 Ne5 29.Rf2 Qf7 30.Nf3 Nfd7
31.Bf4 Bb7 32.Rd1 Ra6 33.Nxe5 Nxe5 34.Bf1 Rb6 35.Bxe5 dxe5 36.Bc4 Qxc4 37.f7+ Qxf7
38.Rxf7 Kxf7 39.Rd7+ Re7 40.Rxe7+ Kxe7 41.Qxe5+ Kd7 42.Qxc5 Rc6 43.Qb5  1-0

[Event "Budapest FS07 Elo"]
[Site "Budapest"]
[Date "1999.??.??"]
[Round "5"]
[White "Balogh, Viktor"]
[Black "Szirmai, Eduard"]
[Result "0-1"]
[WhiteElo "2155"]
[BlackElo "2210"]

1.e4 d6 2.d4 Nf6 3.Nc3 c6 4.f4 Qa5 5.Bd3 e5 6.Nf3 Bg4 7.Be3 Nbd7 8.O-O Be7
9.Qe1 Bxf3 10.Rxf3 Ng4 11.Kh1 Nxe3 12.Qxe3 O-O 13.Raf1 Qb6 14.Ne2 Bf6 15.c3 Qxb2
16.Rb1 Qxa2 17.Ng3 exd4 18.cxd4 g6 19.e5 Bg7 20.Rxb7 Rad8 21.h4 c5 22.Ne4 cxd4
23.Qxd4 dxe5 24.Rxa7 Qb3 25.Qc4 Qxc4 26.Bxc4 exf4 27.Rxf4 Ne5 28.Bf1 Rd1
29.Nf6+ Kh8 30.Ra5 Re1 31.Ra2 Bh6  0-1

[Event "Burgas op-8"]
[Site "Burgas"]
[Date "1999.??.??"]
[Round "9"]
[White "Reinaldo Castineira, Roi"]
[Black "Ubeira, Enrique"]
[Result "1-0"]
[WhiteElo "2325"]
[BlackElo "2022"]

1.e4 d6 2.d4 Nf6 3.Nc3 c6 4.Nf3 Qa5 5.Bd3 e5 6.O-O Bg4 7.dxe5 dxe5 8.h3 Be6
9.Ng5 Bc5 10.Nxe6 fxe6 11.Bc4 O-O 12.Bxe6+ Kh8 13.Bg5 Bd4 14.Bd2 Qc7 15.Qe2 Na6
16.Bg4 Nxg4 17.Qxg4 Rf6 18.Nd1 Rg6 19.Qh4 Qd7 20.Be3 Bc5 21.Bxc5 Nxc5 22.Ne3 Qd4
23.Rad1 Rh6 24.Qxh6 gxh6 25.Rxd4 exd4 26.Nf5 Nxe4 27.Nxd4 Rd8 28.Nf3 Nd2
29.Nxd2 Rxd2 30.Rc1 Kg7 31.Kf1 Rd5 32.g3 Kf6 33.Re1 Rd2 34.Re2 Rd5 35.f4 Ra5
36.a3 Rb5 37.b3 Ra5 38.a4 Rc5 39.c4 b5 40.Re4 bxa4 41.b4 Rh5 42.Re3 a5 43.Ra3 axb4
44.Rxa4 b3 45.Rb4 Rc5 46.Ke2 Ke6 47.Kd3 b2 48.Rxb2 Rh5 49.h4 Ra5 50.Rb7 Ra3+
51.Ke4 Rc3 52.Rxh7 Rxc4+ 53.Kf3 Kf5 54.Rxh6 Rc3+ 55.Kg2 c5 56.Kh3 c4 57.Rc6 Rc1
58.h5 c3 59.h6 c2 60.Kg2 Rb1 61.Rxc2 Rb7 62.Rc5+ Kg6 63.Rc6+ Kf5 64.Kh3 Rh7
65.Kh4 Rh8 66.Kh5 Rb8 67.h7 Rd8 68.Kh6  1-0

[Event "Cannes op"]
[Site "Cannes"]
[Date "1999.??.??"]
[Round "3"]
[White "Ricci, Marco"]
[Black "Jossien, Arnaud"]
[Result "0-1"]
[WhiteElo "2156"]
[BlackElo "2307"]

1.e4 d6 2.d4 Nf6 3.Nc3 c6 4.Bg5 Qa5 5.Qd2 Nbd7 6.Nf3 e5 7.Bd3 Be7 8.O-O Qc7
9.Nd1 O-O 10.Ne3 Re8 11.Nf5 Bf8 12.Rfe1 b5 13.c3 h6 14.Bh4 a6 15.a4 Rb8 16.b4 Nh5
17.axb5 axb5 18.Ra5 Ndf6 19.Ng3 Bg4 20.dxe5 dxe5 21.Qe3 Nd7 22.Nxh5 Bxh5
23.Rea1 Nb6 24.Bg3 Rb7 25.Nd2 Rd8 26.Nb3 Na4 27.Bc2 c5 28.Nd2 cxb4 29.Bxa4 Qxa5
30.cxb4 Qxb4  0-1

[Event "Cannes op"]
[Site "Cannes"]
[Date "1999.??.??"]
[Round "5"]
[White "Pujos, Stephane"]
[Black "Jossien, Arnaud"]
[Result "0-1"]
[WhiteElo "2249"]
[BlackElo "2307"]

1.d4 d6 2.e4 Nf6 3.Nc3 e5 4.Nf3 Nbd7 5.Be2 Be7 6.O-O O-O 7.h3 Re8 8.Re1 c6
9.a4 Qc7 10.Bf1 b6 11.Bg5 a6 12.g3 Bb7 13.Bg2 b5 14.axb5 axb5 15.Rxa8 Rxa8
16.d5 h6 17.dxc6 Bxc6 18.Bd2 Nc5 19.Nh4 Qb7 20.Nf5 Bf8 21.Qf3 b4 22.Nd5 Nxd5
23.exd5 Bd7 24.Ne3 Ra2 25.Rb1 b3 26.cxb3 Qxb3 27.Bc3 Na4 28.Bf1 Nxc3 29.Bc4 Qb7
30.Bxa2 Nxa2 31.Kh2 Nc3 32.Ra1 Nb5 33.g4 Nd4 34.Qg3 Ne2 35.Qf3 Nf4 36.h4 Be7
37.g5 h5 38.b4 g6 39.Qe4 Bb5 40.Ra3 Kg7 41.Rc3 Bd8 42.Ra3 Bb6 43.Kg3 Qc8
44.Qh1 Bxe3  0-1

[Event "Cannes"]
[Site "Cannes"]
[Date "1999.??.??"]
[Round "6"]
[White "Kazhgaleyev, Murtas"]
[Black "Izeta Txabarri, Felix"]
[Result "1-0"]
[WhiteElo "2547"]
[BlackElo "2516"]

1.d4 d6 2.e4 Nf6 3.Nc3 c6 4.a4 e5 5.Nge2 Be7 6.g3 a5 7.Bg2 O-O 8.h3 Nbd7
9.O-O Re8 10.Be3 Bf8 11.g4 exd4 12.Bxd4 Nc5 13.Ng3 Ne6 14.Be3 Nd7 15.f4 Nec5
16.Qd2 Nb6 17.b3 Nbd7 18.Rad1 Qc7 19.Nf5 Nf6 20.Bxc5 dxc5 21.e5 Bxf5 22.gxf5 Nh5
23.Qf2 g6 24.Ne4 gxf5 25.Qh4 fxe4 26.Qxh5 e3 27.Be4 f5 28.Bxf5 Kh8 29.Rd7  1-0

[Event "Canovelles opA"]
[Site "Canovelles"]
[Date "1999.??.??"]
[Round "3"]
[White "Ruiz Planas, Adelito"]
[Black "Munoz Gallego, X."]
[Result "1/2-1/2"]
[WhiteElo "2120"]
[BlackElo "2190"]

1.e4 d6 2.d4 Nf6 3.Nc3 c6 4.Be2 b5 5.a3 g6 6.Nf3 Bg7 7.O-O O-O 8.Bd2 e5 9.dxe5 dxe5
10.Qc1 Qc7 11.Bh6 Nbd7 12.Bxg7 Kxg7 13.Nh4 h6 14.Qe3 Qb6 15.Qxb6 Nxb6 16.b3 Nbd7
17.Rad1 Nc5 18.f3 Ne6 19.Rd2 Nd4 20.g3 Be6 21.Ng2 Rfd8 22.Rfd1 Rd7 23.Kf2 Rad8
24.Ne1 Nxe2 25.Kxe2 Rxd2+ 26.Rxd2 Rxd2+ 27.Kxd2 Nd7 28.Nd3 a5 29.Ke3 f5 30.f4 Kf6
31.exf5 gxf5 32.Nxe5 Nxe5 33.fxe5+ Kxe5 34.b4 axb4 35.axb4 Bc4 36.Nb1 Bf1
37.Nd2 Bg2 38.c3 Bd5 39.Nb1 Be6 40.Nd2 Kd5 41.Kf4 Bd7 42.Nf3  1/2-1/2

[Event "Cappelle op"]
[Site "Cappelle la Grande"]
[Date "1999.??.??"]
[Round "9"]
[White "Sziebert, Adam"]
[Black "Pedzich, Dominik"]
[Result "1-0"]
[WhiteElo "2302"]
[BlackElo "2436"]

1.e4 d6 2.d4 Nf6 3.Nc3 e5 4.Nf3 Nbd7 5.Bc4 Be7 6.O-O O-O 7.a4 c6 8.Ba2 a5
9.Qe2 exd4 10.Nxd4 Re8 11.Kh1 d5 12.exd5 Bc5 13.Qd1 Nb6 14.Nb3 Bd6 15.dxc6 bxc6
16.Qd4 Ba6 17.Rd1 Be5 18.Qxd8 Raxd8 19.Rxd8 Rxd8 20.Be3 Nc4 21.Rd1 Rxd1+
22.Nxd1 Nxe3 23.Nxe3 Bxb2 24.Nxa5 Ne4 25.Bc4 Bc8 26.Nxc6 Bd7 27.Bd5 Nxf2+
28.Kg1 Ng4 29.Nxg4 Bxg4 30.a5 Kf8 31.Kf2 Bd7 32.Ke3 Bxc6 33.Bxc6 Be5 34.a6 Bxh2
35.Ke4 Bg1 36.Kd5 Ke7 37.c4 Ba7 38.Ba4 Kd8 39.Kc6 Kc8 40.Bc2 g6 41.Be4 Kb8
42.Kd6 h5 43.Bd5 Bf2 44.c5 g5 45.Bxf7 Ka7 46.c6 Kxa6 47.c7 Bg3+ 48.Kc6 Bxc7
49.Kxc7 h4 50.Be6  1-0

[Event "Ceske Budejovice op"]
[Site "Ceske Budejovice"]
[Date "1999.??.??"]
[Round "9"]
[White "Blazkova, Petra"]
[Black "Orsag, Milan"]
[Result "0-1"]
[WhiteElo "2245"]
[BlackElo "2405"]

1.e4 d6 2.d4 Nf6 3.Nc3 e5 4.Nf3 Nbd7 5.Be2 Be7 6.O-O O-O 7.Re1 c6 8.a4 b6
9.h3 Qc7 10.Bg5 a6 11.Bc4 Bb7 12.Ba2 h6 13.Bh4 Rfe8 14.Bg3 Bf8 15.Nh4 b5
16.Ng6 b4 17.Nb1 c5 18.Nxf8 Nxf8 19.d5 g5 20.Nd2 Ng6 21.Bc4 Kg7 22.Nf1 Bc8
23.Bh2 Rh8 24.b3 Bd7 25.Bd3 a5 26.Ne3 Rag8 27.Kh1 Kf8 28.Qf3 Qd8 29.Bb5 Bc8
30.Ng4 Bxg4 31.hxg4 h5 32.gxh5 g4 33.Qg3 Rxh5 34.Kg1 Rgh8  0-1

[Event "Crans Montana op"]
[Site "Crans Montana"]
[Date "1999.??.??"]
[Round "2"]
[White "Pavlovic, Milos"]
[Black "Barthel, Bergit"]
[Result "1-0"]
[WhiteElo "2525"]
[BlackElo "2101"]

1.e4 d6 2.d4 Nf6 3.Nc3 c6 4.f4 Qa5 5.e5 Nd5 6.Bd2 dxe5 7.fxe5 Qb6 8.Nf3 Bg4
9.Nxd5 cxd5 10.c3 Nc6 11.Bd3 e6 12.Qe2 Be7 13.O-O O-O-O 14.b3 Kb8 15.Kh1 Ka8
16.Qe1 f5 17.Ng5 Bxg5 18.Bxg5 Rdf8 19.Bc1 Qd8 20.Qd2 h6 21.Ba3 Rf7 22.Bc5 g5
23.h3 Bh5 24.c4 dxc4 25.Bxc4 Nxe5 26.Bxe6 Rc7 27.Rac1 f4 28.d5 Nd7 29.Bd4 Rxc1
30.Rxc1 Re8 31.Bxd7 Qxd7 32.Qa5 b6 33.Bxb6 Qb7 34.Bf2 a6 35.Rc6 Be2 36.Qc5 Bb5
37.Rc7  1-0

[Event "CZE-chT2V 9899"]
[Site "CZE"]
[Date "1999.??.??"]
[Round "?"]
[White "Kastner, Oldrich"]
[Black "Zikmund, Daniel"]
[Result "1-0"]
[WhiteElo "2200"]
[BlackElo "2105"]

1.e4 d6 2.d4 Nf6 3.Nc3 c6 4.Bg5 Nbd7 5.f4 Qa5 6.Bd3 e5 7.Nf3 Be7 8.Qd2 h6
9.fxe5 dxe5 10.Be3 Ng4 11.Bg1 exd4 12.Bxd4 Nde5 13.O-O-O Nxf3 14.gxf3 Ne5
15.Be2 Ng6 16.Kb1 Bg5 17.Qe1 O-O 18.h4 Bf4 19.h5 Ne5 20.Qh4 Bg5 21.Qg3 Bf6
22.f4 Nd7 23.e5 Be7 24.Rhg1 g5 25.hxg6 f5 26.g7  1-0

[Event "CZE-chT2V 9899"]
[Site "CZE"]
[Date "1999.??.??"]
[Round "?"]
[White "Jandecka, Tomas"]
[Black "Zikmund, Daniel"]
[Result "1-0"]
[WhiteElo "2140"]
[BlackElo "2105"]

1.e4 d6 2.d4 Nf6 3.Nc3 c6 4.Nf3 b5 5.e5 dxe5 6.Nxe5 a6 7.Be2 g6 8.a4 Bb7
9.Bf3 b4 10.Ne2 a5 11.h4 Nfd7 12.Bf4 Bg7 13.Qc1 Nxe5 14.Bxe5 Bxe5 15.dxe5 h5
16.e6 Qd6 17.exf7+ Kxf7 18.Qe3 Qe6 19.Be4 Rg8 20.Nf4 Qc4 21.Bd3  1-0

[Event "CZE-chT2V 9899"]
[Site "CZE"]
[Date "1999.??.??"]
[Round "?"]
[White "Postupa, Pavel"]
[Black "Zikmund, Daniel"]
[Result "1/2-1/2"]
[WhiteElo "2230"]
[BlackElo "2105"]

1.e4 d6 2.d4 Nf6 3.Nc3 c6 4.h3 Nbd7 5.Nf3 e5 6.Be2 Be7 7.O-O O-O 8.Be3 Re8
9.dxe5 dxe5 10.a3 Qc7 11.Bc4 Rf8 12.Qe2 Nc5 13.Bg5 Ne6 14.Rfd1 h6 15.Be3 Nc5
16.Nd2 b5 17.Ba2 a5 18.f3 Be6 19.Qf2 Bxa2 20.Bxc5 Be6 21.Nb3 a4 22.Bxe7 Qxe7
23.Nc5 Rfd8 24.Nxe6 Qxe6 25.Qc5  1/2-1/2

[Event "CZE-chT2 9899"]
[Site "CZE"]
[Date "1999.??.??"]
[Round "?"]
[White "Vavra, Pavel"]
[Black "Hausner, Ivan"]
[Result "0-1"]
[WhiteElo "2340"]
[BlackElo "2415"]

1.e4 d6 2.d4 Nf6 3.Nc3 c6 4.f3 Nbd7 5.g4 e5 6.Be3 Qb6 7.Qd2 Qxb2 8.Rb1 Qa3
9.Nge2 Be7 10.Ng3 exd4 11.Bxd4 Ne5 12.Be2 O-O 13.g5 Ne8 14.f4 Nd7 15.O-O Bd8
16.Nf5 Nc5 17.Bg4 d5 18.exd5 Bxf5 19.Bxf5 Nd6 20.Bg4 Nce4 21.Nxe4 Nxe4 22.Qd3 Qxd3
23.cxd3 Nd2 24.Rxb7 Nxf1 25.dxc6 Nd2 26.c7 Bxc7 27.Rxc7 Rfd8 28.Bxa7 Rxd3
29.a4 g6 30.Be2 Ra3 31.Bb5 Rd8 32.Rc2 Nf3+ 33.Kf1 Nd4 34.Rd2 Rf3+ 35.Kg2 Rxf4
36.Bb6 Rd5 37.Kh3 h5 38.Bc4 Rf3+ 39.Kg2 Rxg5+ 40.Kh1 Rc3  0-1

[Event "CZE-chT2V 9899"]
[Site "CZE"]
[Date "1999.??.??"]
[Round "?"]
[White "Hosek, Milan"]
[Black "Spacek, Petr"]
[Result "1-0"]
[WhiteElo "2265"]
[BlackElo "2395"]

1.e4 d6 2.d4 Nf6 3.Nc3 c6 4.a4 e5 5.dxe5 dxe5 6.Qxd8+ Kxd8 7.Nf3 Bd6 8.Bc4 Ke7
9.h3 Be6 10.Bxe6 Kxe6 11.O-O Na6 12.Be3 Rhd8 13.Bg5 Rd7 14.Bxf6 Kxf6 15.Rfd1 Rad8
16.Kf1 Nc5 17.Rd2 Bc7 18.Rad1 Rxd2 19.Rxd2 Rxd2 20.Nxd2 Ba5 21.Ndb1 h5 22.f3 Kg5
23.b3 g6 24.Ne2 f5 25.exf5 gxf5 26.Na3 Bc7 27.Nc4 b5 28.axb5 cxb5 29.Ne3 Ne6
30.b4 Bd6 31.Nd5 a6 32.Kf2 Bb8 33.g3 Ba7+ 34.Kg2 e4 35.h4+ Kh6 36.fxe4 fxe4
37.Nf6 e3 38.Kf3 Kg6 39.Nd5 Kf5 40.Nxe3+ Ke5 41.c3 Bb6 42.Nf4 Ng7 43.Nd3+ Ke6
44.Ke4 a5 45.Nd5 axb4 46.Nxb6 bxc3 47.Nd5 c2 48.Ne3 Ne8 49.Nxc2 Nd6+ 50.Kf3 Kd5
51.Nf4+ Kc4 52.Na3+ Kb4 53.Nb1 Kb3 54.Nd2+ Kc2 55.Ne4 Nb7 56.Nd5 Kd3 57.Kf4 Kd4
58.Nb4 Nd8 59.Nf6 Kc4 60.Na6 Ne6+ 61.Ke5 Nc5 62.Nxc5 Kxc5 63.Nxh5 b4 64.Nf4 b3
65.Nd3+ Kc4 66.Ke4  1-0

[Event "CZE-ch U18-20"]
[Site "CZE"]
[Date "1999.??.??"]
[Round "10"]
[White "Hitzgerova, Gabriela"]
[Black "Forman, Stefan"]
[Result "0-1"]
[WhiteElo "2240"]
[BlackElo "2275"]

1.e4 d6 2.d4 Nf6 3.Nc3 c6 4.f4 Qa5 5.Bd3 e5 6.dxe5 dxe5 7.f5 Nbd7 8.Nf3 Bc5
9.Qe2 b5 10.Bd2 Qb6 11.a4 b4 12.a5 Qc7 13.Nd1 Rb8 14.b3 Bb7 15.Ne3 Bd4 16.Nxd4 exd4
17.Nc4 Ba6 18.e5 O-O 19.e6 Nc5 20.exf7+ Rxf7 21.O-O Re8 22.Qf3 Nxd3 23.Qxd3 c5
24.Bf4 Qc6 25.Rae1 Ne4 26.Qh3 Bxc4 27.bxc4 Qf6 28.Bc1 Rfe7 29.Qf3 Qf7 30.Qd3 h6
31.Re2 Nf6 32.Rxe7 Qxe7 33.Bf4 a6 34.Qf3 Qe4 35.Qg3 Nh5 36.Qg6 Nxf4 37.Rxf4 Qe3+
38.Rf2 Qc1+ 39.Rf1 Re1 40.Qe6+ Rxe6 41.Rxc1 Re3 42.Kf2 Rc3 43.Ke2 d3+ 44.Kd2 Rxc2+
45.Rxc2 dxc2 46.Kxc2 Kf7 47.Kd3 Kf6 48.Ke4 b3 49.Kd3 Kxf5 50.Kc3 Ke4 51.Kxb3 Kd3
52.h4 h5 53.g3 g6  0-1

[Event "EU-ch Union SCIPT"]
[Site "DEN"]
[Date "1999.??.??"]
[Round "1"]
[White "Van Gool, Henk"]
[Black "Jagodzinski, Waldemar"]
[Result "1-0"]
[WhiteElo "2185"]
[BlackElo "2255"]

1.e4 d6 2.d4 Nf6 3.Nc3 c6 4.f4 Qa5 5.Bd3 e5 6.Nf3 Bg4 7.dxe5 dxe5 8.fxe5 Nfd7
9.e6 fxe6 10.Bd2 Qh5 11.Be2 Bd6 12.Be3 Bg3+ 13.Kd2 Bc7 14.Ng5 Bxe2 15.Qxe2 Qxe2+
16.Kxe2 Ke7 17.Rhf1 Ne5 18.Bc5+ Kd7 19.Rad1+ Kc8 20.Nxe6 Nbd7 21.Bf2 g6 22.Bg3 Bd8
23.Bxe5 Nxe5 24.Rxd8+  1-0

[Event "EU-ch Union SCIPT"]
[Site "DEN"]
[Date "1999.??.??"]
[Round "2"]
[White "Matthey, Philippe"]
[Black "Eriksson, Jorgen"]
[Result "0-1"]
[WhiteElo "2185"]
[BlackElo "2220"]

1.e4 d6 2.d4 Nf6 3.Nc3 e5 4.Nf3 Nbd7 5.Bc4 Be7 6.O-O O-O 7.h3 c6 8.a4 b6
9.Bg5 a6 10.Qd2 Rb8 11.Qe3 b5 12.axb5 axb5 13.Bb3 Nh5 14.Bxe7 Qxe7 15.Ra7 Nf4
16.dxe5 dxe5 17.Rd1 Rb7 18.Ra6 Rc7 19.Ra7 Bb7 20.Kh2 Nc5 21.g3 Nxh3 22.Rxb7 Rxb7
23.Kxh3 Nxb3 24.cxb3 Qe6+ 25.Kg2 Qxb3 26.Nxe5 b4 27.Rc1 bxc3 28.Rxc3 Qxb2
29.Rc5 Rb3 30.Qf4 Rb5 31.Nc4 Qd4 32.Rxc6 Rc5 33.Rxc5 Qxc5 34.Ne3 Re8 35.f3 Qe5
36.Qg4 g6 37.Qd7 Qe6 38.Qd4 Qe5 39.Qc4 Rb8 40.f4 Qb5  0-1

[Event "EU-ch Union SCIPT"]
[Site "DEN"]
[Date "1999.??.??"]
[Round "5"]
[White "Weglarz, Leszek"]
[Black "Eriksson, Jorgen"]
[Result "1/2-1/2"]
[WhiteElo "2400"]
[BlackElo "2220"]

1.e4 d6 2.d4 Nf6 3.Nc3 e5 4.dxe5 dxe5 5.Qxd8+ Kxd8 6.Bc4 Be6 7.Bxe6 fxe6
8.f3 Nc6 9.Be3 Bd6 10.Nge2 Ke7 11.O-O h6 12.Rfc1 a6 13.Nd1 Na5 14.c4 c5 15.Nf2 Nc6
16.Nd3 Nd7 17.Rab1 b6 18.a3 Nd4 19.Kf2 Rhc8 20.b4 b5 21.bxc5 Nxc5 22.Nxc5 Bxc5
23.cxb5 axb5 24.Rc3 Rxa3 25.Rxa3 Bxa3 26.Nxd4 exd4 27.Bxd4 Bc5 28.Ke3 e5
29.Bxc5+ Rxc5 30.Kd3 Kd6 31.Ra1 Kc6 32.Ra6+ Kb7 33.Rg6 b4 34.Rxg7+ Kb6 35.Rg8 Kb7
36.Rg7+ Kb6 37.Rg8  1/2-1/2

[Event "EU-ch Union SCIPT"]
[Site "DEN"]
[Date "1999.??.??"]
[Round "5"]
[White "Morvay, Miklos"]
[Black "Masternak, Aleksander"]
[Result "0-1"]
[WhiteElo "2215"]
[BlackElo "2245"]

1.e4 d6 2.d4 Nf6 3.Nc3 e5 4.dxe5 dxe5 5.Qxd8+ Kxd8 6.Bg5 Be6 7.O-O-O+ Nd7
8.f4 exf4 9.Nd5 Bxd5 10.exd5 Bd6 11.Ne2 Re8 12.Bxf4 Ng4 13.Bxd6 cxd6 14.Rd4 Ndf6
15.Nc3 Re1+ 16.Kd2 Ra1 17.Rf4 Rc8 18.h3 Ne5 19.Rb4 b6 20.g4 a5 21.Rb5 Nc4+
22.Kd3 Re1 23.Bg2 Re3+ 24.Kd4 Rg3 25.Bf1 Ne3 26.Bd3 Rc4+  0-1

[Event "Dresden op"]
[Site "Dresden"]
[Date "1999.??.??"]
[Round "?"]
[White "Hoffmann, Hendrik"]
[Black "Maiwald, Jens Uwe"]
[Result "0-1"]
[WhiteElo "2300"]
[BlackElo "2485"]

1.e4 d6 2.d4 Nf6 3.Nc3 e5 4.Nge2 Be7 5.f3 O-O 6.Be3 c6 7.Qd2 b5 8.a3 Nbd7
9.g4 a5 10.Ng3 Rb8 11.g5 Ne8 12.h4 exd4 13.Bxd4 Ne5 14.Bxe5 dxe5 15.Qxd8 Bxd8
16.a4 b4 17.Nd1 Bb6 18.Bc4 Nd6 19.Bb3 Ba6 20.h5 Kh8 21.Nf5 Nxf5 22.exf5 Bd4
23.f6 gxf6 24.g6 fxg6 25.hxg6 h6 26.Rxh6+ Kg7 27.Rh7+ Kxg6 28.Rc7 Rbc8 29.Rxc8 Rxc8
30.c3 bxc3 31.bxc3 Bc5 32.Ra2 Rh8 33.Rg2+ Kf5 34.Nf2 Be3 35.Bc2+ Ke6 36.Bb3+ Kd6
37.Rg6 Rh2 38.Ne4+ Kc7 39.c4 Rb2 40.Bd1 Bxc4 41.Rxf6 Rg2  0-1